Loading...
| Philosophy | 0 | 4 | 2 | 0 | 30 | 32 | 53.75 | 1 | 2 | 23.97 | 31.94 |
| Literature - European | 0 | 3 | 0 | 2 | 30 | 102 | 112.00 | 0 | 0 | 1.59 | 7.78 |
| Fine Arts - Other | 0 | 3 | 0 | 1 | 30 | 44 | 73.33 | 0 | 1 | 11.50 | 14.44 |
| Popular Culture | 0 | 2 | 0 | 1 | 20 | 23 | 69.50 | 1 | 1 | 16.20 | 24.44 |
| Fine Arts - Painting and Sculpture | 0 | 2 | 0 | 0 | 20 | 45 | 77.00 | 0 | 1 | 6.81 | 10.00 |
| Literature - British | 0 | 2 | 0 | 0 | 20 | 34 | 62.00 | 1 | 1 | 9.12 | 12.22 |
| Religion | 0 | 2 | 0 | 1 | 20 | 52 | 79.50 | 0 | 0 | 6.32 | 8.89 |
| Literature - World | 0 | 2 | 1 | 0 | 15 | 112 | 115.50 | 0 | 0 | 1.00 | 5.56 |
| History - American | 0 | 1 | 0 | 0 | 10 | 44 | 44.00 | 0 | 1 | 6.00 | 8.89 |
| History - Other | 0 | 1 | 0 | 0 | 10 | 89 | 89.00 | 0 | 0 | 1.91 | 4.44 |
| Science - Biology | 0 | 1 | 0 | 0 | 10 | 60 | 60.00 | 0 | 1 | 3.62 | 6.67 |
| Literature - American | 0 | 1 | 0 | 1 | 10 | 127 | 127.00 | 0 | 0 | 0.00 | 3.33 |
| Social Science | 0 | 1 | 1 | 1 | 5 | 97 | 97.00 | 0 | 0 | 2.02 | 1.59 |
| Current Events | 0 | 1 | 1 | 0 | 5 | 25 | 25.00 | 1 | 1 | 15.05 | 20.00 |
| History - World | 0 | 0 | 1 | 0 | -5 | 0.00 | 0 | 0 | 0.00 | 0.00 | |
| Science - Chemistry | 0 | 0 | 1 | 0 | -5 | 0.00 | 0 | 0 | 0.00 | 0.00 | |
| Mythology | 0 | 0 | 1 | 0 | -5 | 0.00 | 0 | 0 | 0.00 | 0.00 |